000 00254nam a22001217a 4500
008 180315b xxu||||| |||| 00| 0 eng d
041 _aeng
080 _a781
100 _a45
101 _aMUZ
245 _aImprovizing Jazz
_cCoker, J
942 _2udc
_cBK
999 _c45071
_d45071